Soil survey of Floyd County, Texas /

Bibliographic Details
Main Author: Neitsch, Conrad
Corporate Authors: United States. Soil Conservation Service, Texas Agricultural Experiment Station
Other Authors: Blackstock, Dan A.
Format: Government Document Book
Language:English
Published: [Washington?] : [National Cooperative Soil Survey], [1978]
Subjects:

MARC

Tag First Indicator Second Indicator Subfields
LEADER 00000cam a2200000 i 4500
001 in00000048569
005 20190207093419.0
008 790716s1978 dcuaf b f00010 eng
010 |a  79601220  
035 |a (OCoLC)05262982 
035 |9 AAE9888AM 
040 |a DLC  |c DLC  |d TXA  |d UtOrBLW 
043 |a n-us-tx 
049 |a TXAS  |c [1700666] 
050 0 0 |a S599.T4  |b N38 
074 |a 102 (Rev. 1957) 
082 0 |a 631.4/7/764841 
086 |a A 57.38:F 66/2 
090 |a S599.T4  |b F6 
100 1 |a Neitsch, Conrad. 
245 1 0 |a Soil survey of Floyd County, Texas /  |c [by Conrad L. Neitsch and Don A. Blackstock] ; United States Department of Agriculture, Soil Conservation Service, in cooperation with the Texas Agricultural Experiment Station. 
264 1 |a [Washington?] :  |b [National Cooperative Soil Survey],  |c [1978] 
300 |a ii, 66 pages, 72 folded pages of plates :  |b illustrations maps (some color) ;  |c  28 cm. 
336 |a text  |b txt  |2 rdacontent 
337 |a unmediated  |b n  |2 rdamedia 
338 |a volume  |b nc  |2 rdacarrier 
500 |a The Cushing Library/Chapman Texas Collection copy is part of the Floyd & Louise Chapman Texas & Borderlands Collection.  |5 TXA 
500 |a Cover title. 
500 |a "Issued August 1978." -- p. i. 
500 |a "A publication of the National Cooperative Soil Survey." -- p. [ii] of cover. 
500 |a Includes index to map sheets. 
504 |a Bibliography: page 63. 
650 0 |a Soils  |z Texas  |z Floyd County  |x Maps. 
650 0 |a Soil surveys  |z Texas  |z Floyd County. 
700 1 |a Blackstock, Dan A. 
710 1 |a United States.  |b Soil Conservation Service. 
710 2 |a Texas Agricultural Experiment Station. 
948 |a C:BLW  |d 20040815 
999 |a MARS 
999 f f |s f305b137-37cb-30c5-a3d6-4939efde02b4  |i 179c90e4-fc14-3043-8189-14c2ccf7ae59  |t 0 
952 f f |p normal  |a Texas A&M University  |b College Station  |c Sterling C. Evans Library  |d Evans: Maps (2nd floor)  |t 0  |e A 57.38: F 66/2  |h Superintendent of Documents classification  |i unmediated -- volume  |m A14812521116 
952 f f |p noncirc  |a Texas A&M University  |b College Station  |c Cushing Memorial Library & Archives  |d Cushing: Chapman Texas Collection (Does not check out)  |t 0  |e S599.T4 F6  |h Library of Congress classification  |i unmediated -- volume 
952 f f |p normal  |a Texas A&M University  |b College Station  |c Sterling C. Evans Library  |d Evans: Maps (2nd floor)  |t 0  |e A 57.38: F 66/2  |h Superintendent of Documents classification  |i unmediated -- volume  |m A14812526700 
952 f f |p ric  |a Texas A&M University  |b Rellis Campus  |c Joint Library Facility  |d Remote Storage  |t 0  |e S599.T4 F6  |h Library of Congress classification  |i unmediated -- volume  |m A14843039224 
952 f f |p normal  |a Texas A&M University  |b College Station  |c Sterling C. Evans Library  |d Evans: Maps (2nd floor)  |t 0  |e A 57.38: F 66/2  |h Superintendent of Documents classification  |i unmediated -- volume  |m A14818321661 
998 f f |a S599.T4 F6  |t 0  |l Cushing: Chapman Texas Collection (Does not check out) 
998 f f |a A 57.38: F 66/2  |t 0  |l Evans: Maps (2nd floor) 
998 f f |a S599.T4 F6  |t 0  |l Remote Storage 
998 f f |a A 57.38: F 66/2  |t 0  |l Evans: Maps (2nd floor) 
998 f f |a A 57.38: F 66/2  |t 0  |l Evans: Maps (2nd floor)